|
|
|
|
| LEADER |
01539nam a2200265 a 4500 |
| 001 |
GR-MES10307 |
| 008 |
060628s2004 gr b 001 0 gre|c |
| 020 |
|
|
|a 9602097264
|
| 040 |
|
|
|a GrPaTEI
|b gre
|c GR-PaULI
|
| 130 |
0 |
|
|a Microsoft Office Access 2003 step by step.
|l Ελληνικά
|
| 245 |
1 |
0 |
|a Microsoft Office Access 2003 :
|b βήμα βήμα /
|c Online Training Solutions, Inc. ; [μετάφραση Μιχάλης Μικέδης ; επιμέλεια Δημήτρης Καρτσακλής].
|
| 260 |
|
|
|a Αθήνα :
|b Κλειδάριθμος,
|c [200-].
|
| 300 |
|
|
|a 367 σ. :
|b εικ. ;
|c 24 εκ. +
|e 1 οπτικός δίσκος (CD)
|
| 500 |
|
|
|a Μετάφραση του: Microsoft Office Access 2003 step by step.
|
| 500 |
|
|
|a Περιλαμβάνει ευρετήριο.
|
| 630 |
0 |
0 |
|a Microsoft Access.
|
| 650 |
|
0 |
|a Database management.
|
| 700 |
1 |
|
|a Καρτσακλής, Δημήτρης
|e επιμελητής.
|
| 700 |
1 |
|
|a Μικέδης, Μιχάλης
|e μεταφραστής.
|
| 710 |
2 |
|
|a Online Training Solutions (Firm)
|
| 942 |
|
|
|2 ddc
|
| 952 |
|
|
|0 0
|1 0
|2 ddc
|4 0
|6 005_756000000000000_5_MIC
|7 0
|9 269829
|a MSLG
|b MSLG
|c BSC
|d 2021-01-17
|e 24
|f 0
|g 0.00
|l 0
|o 005.756 5 MIC
|p 2420000019493
|r 2021-01-17 00:00:00
|t 1
|w 2021-01-17
|y BK15
|x 20071203 0 1
|x GrPaTEI
|
| 952 |
|
|
|0 0
|1 0
|2 ddc
|4 0
|6 005_756000000000000_5_MIC
|7 0
|9 269830
|a MSLG
|b MSLG
|c BSC
|d 2021-01-17
|e 24
|f 0
|g 0.00
|l 0
|o 005.756 5 MIC
|p 2420000020538
|r 2021-01-17 00:00:00
|t 1
|w 2021-01-17
|y BK15
|x 20060628 0 1
|x GrPaTEI
|
| 971 |
|
|
|a .b25763544
|b 23-06-20
|c 13-09-16
|
| 999 |
|
|
|c 155762
|d 155762
|